000 00344nam a22001097a 4500
008 151102b xxu||||| |||| 00| 0 eng d
020 _a9976604556
082 _a338 GLO
100 _aMSAMBICHAKA LUCIAN A,(ED)
245 _aGLOBALIZATION AND CHALLENGES FOR DEVELOPMENT IN TANZANIA.
260 _aDAR ES SALAAM;
_bDAR ES SALAAM UNIVERSITY PRESS,
_c2006.
999 _c3853
_d3853